00266nam a22001097a 4500003000400000008004100004020001800045100002100063245002600084260003800110300000800148OSt240409b |||||||| |||| 00| 0 eng d a9781786079046 aBOULLEY,Angeline aFire Keepers Daughter aGreat BritainbRock th Boatc2021 a494